00398nam a2200157Ia 45000010006000000050017000060080041000230410008000640820018000721000030000902450061001202600009001813000034001906500008002246540008002321818220260306171612.0260306s9999||||xx |||||||||||||| ||und|| aESP a658.4012bT22 aTarziján M., JorgeeAUT 0aOrganización industrial para la estrategia empresarial c2006 axxii, 394 páginas :c26 cm. aGEN aCAN